[Event "Muret op Seniors"]
[Site "Muret"]
[Date "2016.06.24"]
[Round "5"]
[White "Hocher, Eugene"]
[Black "Saunders, Mark A"]
[Result "0-1"]
[WhiteElo "1577"]
[BlackElo "1741"]
[PlyCount "100"]
[EventDate "2016.06.20"]
[EventType "swiss"]
[EventRounds "7"]
[EventCountry "FRA"]
[SourceTitle "EXT 2017"]
[Source "ChessBase"]
[SourceDate "2016.10.25"]
[SourceVersion "1"]
[SourceVersionDate "2016.10.25"]
[SourceQuality "1"]

1. d4 e6 2. e4 d5 3. e5 c5 4. c3 Nc6 5. Nf3 Bd7 6. Nbd2 Rc8 7. a3 Nh6 8. Bd3 Qb6 9. 0-0 cxd4 10. cxd4 Nxd4 11. Nxd4 Qxd4 12. Nf3 Qg4 13. Be3 Bc5 14. Rc1 Bxe3 15. Rxc8+ Bxc8 16. fxe3 Nf5 17. Qe1 Qa4 18. Qe2 0-0 19. Ng5 h6 20. Nf3 Bd7 21. Rc1 Bc6 22. Bxf5 exf5 23. Nd4 Re8 24. Nxf5 Rxe5 25. Qf2 Qe4 26. Rf1 Kh7 27. Nd6 Qxe3 28. Qxe3 Rxe3 29. Rxf7 Re2 30. Rf2 Re1+ 31. Rf1 Rxf1+ 32. Kxf1 Kg6 33. b4 a6 34. Kf2 Kf6 35. Ke3 Ke6 36. Nc8 Ke5 37. g3 d4+ 38. Kd2 Bd7 39. Nb6 Be6 40. Na4 Bd5 41. Nc5 Be4 42. Nd7+ Kf5 43. Nc5 Bc6 44. Kd3 Kg4 45. Kxd4 Kh3 46. Ne6 g5 47. Ke3 Kxh2 48. Kf2 Kh3 49. Nd8 Bd5 50. a4 Kg4 0-1

[Event "Muret Seniors op"]
[Site "Muret"]
[Date "2014.06.28"]
[Round "6"]
[White "Hocher, Eugene"]
[Black "Parpinel, Mario"]
[Result "1-0"]
[WhiteElo "1657"]
[BlackElo "1665"]
[PlyCount "115"]
[EventDate "2014.06.23"]
[EventType "swiss"]
[EventRounds "6"]
[EventCountry "FRA"]
[SourceTitle "EXT 2015"]
[Source "ChessBase"]
[SourceDate "2014.11.20"]
[SourceVersion "1"]
[SourceVersionDate "2014.11.20"]
[SourceQuality "1"]

1. d4 Nf6 2. Nf3 d5 3. c4 c6 4. cxd5 cxd5 5. e3 e6 6. Nc3 Be7 7. Bd3 0-0 8. 0-0 Nc6 9. a3 a6 10. Bd2 b5 11. Qc2 Bb7 12. b4 Bd6 13. Ne2 Ne7 14. Nc1 Rc8 15. Qb2 Ne4 16. Be1 Rc7 17. Nb3 Qa8 18. Nc5 Ng6 19. a4 Bxc5 20. bxc5 bxa4 21. Rxa4 Ne7 22. Ba5 Bc6 23. Rb4 Rb7 24. Rxb7 Bxb7 25. Rb1 Nc6 26. Bc7 Bc8 27. Ra1 f6 28. Qb6 a5 29. Bb5 Bd7 30. Bxc6 Qxc6 31. Qxc6 Bxc6 32. Rxa5 Rc8 33. Bb6 Kf8 34. Kf1 Ra8 35. Ke1 Ke7 36. Nd2 Nxd2 37. Kxd2 Rxa5 38. Bxa5 Kd7 39. Kc3 Bb5 40. Kb4 Kc6 41. Bd8 f5 42. Be7 h5 43. Kc3 g6 44. Bf6 Ba6 45. Kd2 Bb7 46. Ke2 Bc8 47. Kf3 Bd7 48. Kf4 Be8 49. Ke5 Kd7 50. Bg5 Kc6 51. Kxe6 f4 52. Bxf4 Bd7+ 53. Ke5 Bf5 54. f3 Bd7 55. h3 Bf5 56. g4 hxg4 57. hxg4 Bd7 58. Kf6 1-0

[Event "Morbihan-ch 1011"]
[Site "Morbihan"]
[Date "2011.03.26"]
[Round "6.8"]
[White "Hocher, Eugene"]
[Black "Bezy, Bernard"]
[Result "1-0"]
[WhiteElo "1786"]
[BlackElo "1610"]
[PlyCount "61"]
[EventDate "2010.10.09"]
[EventType "swiss"]
[EventRounds "7"]
[EventCountry "FRA"]
[SourceTitle "EXT 2014"]
[Source "ChessBase"]
[SourceDate "2013.11.20"]
[SourceVersion "1"]
[SourceVersionDate "2013.11.20"]
[SourceQuality "1"]

1. d4 c6 2. c4 Nf6 3. Nc3 d5 4. cxd5 Nxd5 5. e4 Nc7 6. Bc4 Be6 7. Bxe6 Nxe6 8. d5 cxd5 9. exd5 Nc5 10. Be3 e6 11. Qd4 Nbd7 12. dxe6 Nxe6 13. Qa4 Nec5 14. Qb5 a6 15. Qe2 Be7 16. Nd5 0-0 17. Nxe7+ Qxe7 18. Nf3 Qe4 19. Rd1 Rfe8 20. 0-0 Nf6 21. Rd4 Qe6 22. Qc2 Nce4 23. Qb1 Rac8 24. Re1 Ng4 25. h3 Ngf6 26. Bg5 Qc6 27. Bxf6 Nxf6 28. Red1 Ne4 29. Qd3 Qc2 30. Qxc2 Rxc2 31. Rxe4 1-0

[Event "Morbihan-ch 0910"]
[Site "Morbihan"]
[Date "2010.03.27"]
[Round "6.9"]
[White "Hocher, Eugene"]
[Black "Bezy, Bernard"]
[Result "1-0"]
[WhiteElo "1790"]
[BlackElo "1680"]
[PlyCount "45"]
[EventDate "2009.10.10"]
[EventType "swiss"]
[EventRounds "7"]
[EventCountry "FRA"]
[SourceTitle "EXT 2014"]
[Source "ChessBase"]
[SourceDate "2013.11.20"]
[SourceVersion "1"]
[SourceVersionDate "2013.11.20"]
[SourceQuality "1"]

1. d4 d5 2. c4 Nf6 3. Nc3 e6 4. Bg5 Be7 5. Nf3 0-0 6. e3 Re8 7. Bd3 Nbd7 8. Qc2 Nf8 9. 0-0 c6 10. Rac1 Bd7 11. Ne5 h6 12. Bh4 dxc4 13. Bxc4 Nd5 14. Bxe7 Nxe7 15. Ne4 Nd5 16. Qe2 Bc8 17. Qh5 Qe7 18. Bb3 Nf6 19. Nxf6+ Qxf6 20. f4 Nd7 21. Rf2 Nxe5 22. fxe5 Qg5 23. Qxf7+ 1-0

[Event "Morbihan-ch 0910"]
[Site "Morbihan"]
[Date "2010.03.06"]
[Round "5.3"]
[White "Duplessy, Franck"]
[Black "Hocher, Eugene"]
[Result "1-0"]
[WhiteElo "2061"]
[BlackElo "1790"]
[PlyCount "89"]
[EventDate "2009.10.10"]
[EventType "swiss"]
[EventRounds "7"]
[EventCountry "FRA"]
[SourceTitle "EXT 2014"]
[Source "ChessBase"]
[SourceDate "2013.11.20"]
[SourceVersion "1"]
[SourceVersionDate "2013.11.20"]
[SourceQuality "1"]

1. e4 e6 2. d4 d5 3. Nc3 Nf6 4. Bg5 Be7 5. e5 Nfd7 6. h4 a6 7. Nf3 c5 8. Bf4 Nc6 9. dxc5 Nxc5 10. Bd3 b5 11. a3 Bb7 12. Qe2 Qb6 13. b4 Nxd3+ 14. Qxd3 h6 15. Rh3 Qd8 16. Rd1 Rc8 17. Ne2 Qc7 18. c3 Rd8 19. Ned4 Bc8 20. Rg3 Kf8 21. h5 Bd7 22. Nxc6 Qxc6 23. Nd4 Qc7 24. Qf3 Rc8 25. Qg4 Bg5 26. Bxg5 hxg5 27. Qxg5 Rh7 28. h6 g6 29. Rf3 Ke8 30. Rdd3 Qd8 31. Rf6 Qe7 32. Rdf3 Rc4 33. Qd2 Bc8 34. g4 Qc7 35. Qe3 Qe7 36. g5 Qb7 37. Qd3 Qc7 38. Re3 Qb6 39. Rxg6 fxg6 40. Qxg6+ Rf7 41. h7 Rxd4 42. h8Q+ Ke7 43. cxd4 Qxd4 44. Qxf7+ Kxf7 45. Rf3+ 1-0

[Event "Muret Veterans op"]
[Site "Muret"]
[Date "2009.06.18"]
[Round "4"]
[White "Hocher, Eugene"]
[Black "Phan, Van Chuong"]
[Result "0-1"]
[WhiteElo "1801"]
[BlackElo "1878"]
[PlyCount "74"]
[EventDate "2009.06.15"]
[EventType "swiss"]
[EventRounds "7"]
[EventCountry "FRA"]
[SourceTitle "EXT 2010"]
[Source "ChessBase"]
[SourceDate "2010.11.25"]
[SourceVersion "1"]
[SourceVersionDate "2010.11.25"]
[SourceQuality "1"]

1. Nf3 Nf6 2. d3 b6 3. Nbd2 g6 4. e3 Bg7 5. Be2 Bb7 6. Nf1 0-0 7. Ng3 d6 8. e4 Nbd7 9. 0-0 c5 10. Bf4 e5 11. Bd2 a6 12. Qc1 b5 13. Bh6 Ng4 14. Bxg7 Kxg7 15. Ng5 Ngf6 16. f4 h6 17. Nh3 Nh7 18. Qe3 f6 19. Nf2 a5 20. Ng4 h5 21. Nf2 h4 22. Ngh1 b4 23. c4 Qe7 24. Ng4 a4 25. fxe5 g5 26. exf6+ Ndxf6 27. Nxf6 Rxf6 28. Bg4 Raf8 29. Rxf6 Qxf6 30. Rb1 Qf4 31. Qe2 Nf6 32. Bf5 Re8 33. Nf2 Qxf5 34. Rf1 Qe5 35. Qe3 Bc6 36. h3 Kf7 37. Qe2 Qd4 0-1

[Event "FRA-chT3 Gr06 0607"]
[Site "France"]
[Date "2007.03.18"]
[Round "7.8"]
[White "Hocher, Eugene"]
[Black "Caillot, Arnaud"]
[Result "1-0"]
[WhiteElo "1769"]
[BlackElo "1796"]
[PlyCount "71"]
[EventDate "2006.10.15"]
[EventType "team-tourn"]
[EventRounds "9"]
[EventCountry "FRA"]
[SourceTitle "EXT 2008"]
[Source "ChessBase"]
[SourceDate "2007.11.25"]
[SourceVersion "1"]
[SourceVersionDate "2007.11.25"]
[SourceQuality "1"]
[WhiteTeam "Queven"]
[BlackTeam "Rennes Paul Bert II"]
[WhiteTeamCountry "FRA"]
[BlackTeamCountry "FRA"]

1. d4 d5 2. Nf3 c6 3. Bf4 Nf6 4. c3 e6 5. e3 Bd6 6. Bxd6 Qxd6 7. Bd3 Nbd7 8. Nbd2 c5 9. Qe2 0-0 10. 0-0 g6 11. h3 b6 12. Rfe1 Bb7 13. Nf1 Rfe8 14. Ng3 e5 15. dxe5 Nxe5 16. Nxe5 Rxe5 17. Rad1 c4 18. Bxc4 Qc6 19. Bb5 Qc5 20. Rd4 a6 21. Bd3 b5 22. Qf3 Kg7 23. Qf4 Rae8 24. Rd1 Nd7 25. Qg4 Nf6 26. Qf3 Nd7 27. Bc2 Nb6 28. Bb3 Nc4 29. Bxc4 bxc4 30. Rf4 f5 31. Rfd4 Kf6 32. h4 h6 33. h5 Qb5 34. hxg6 Qxb2 35. Rf4 Kxg6 36. Qh5+ 1-0

[Event "FRA-chT3 Gr06 0607"]
[Site "France"]
[Date "2006.12.10"]
[Round "4.6"]
[White "Aras, Bernard"]
[Black "Hocher, Eugene"]
[Result "1-0"]
[WhiteElo "1850"]
[BlackElo "1761"]
[PlyCount "83"]
[EventDate "2006.10.15"]
[EventType "team-tourn"]
[EventRounds "9"]
[EventCountry "FRA"]
[SourceTitle "EXT 2008"]
[Source "ChessBase"]
[SourceDate "2007.11.25"]
[SourceVersion "1"]
[SourceVersionDate "2007.11.25"]
[SourceQuality "1"]
[WhiteTeam "St Hilaire Petitville"]
[BlackTeam "Queven"]
[WhiteTeamCountry "FRA"]
[BlackTeamCountry "FRA"]

1. e4 e6 2. d4 d5 3. e5 c5 4. c3 Nc6 5. Nf3 Qb6 6. Bd3 Nge7 7. a3 Bd7 8. Bc2 Ng6 9. b4 c4 10. Ng5 Nd8 11. a4 Be7 12. h4 Nf8 13. Qh5 h6 14. Nh3 Nc6 15. Qg4 g6 16. a5 Qc7 17. Na3 Nxe5 18. Qg3 Bd6 19. dxe5 Bxe5 20. Bf4 Bxf4 21. Qxf4 e5 22. Qf6 Rg8 23. 0-0-0 Bc6 24. Rhe1 Nd7 25. Qf3 f5 26. Nf4 Nf6 27. Nxd5 Nxd5 28. Rxd5 Kf7 29. Rc5 Rae8 30. Qe2 e4 31. Qxc4+ Kg7 32. Kb2 Qf4 33. Qd4+ Kh7 34. b5 Rd8 35. g3 Qb8 36. Qc4 Be8 37. Rc7+ Rg7 38. Rxg7+ Kxg7 39. Bb3 Qd6 40. Qg8+ Kf6 41. Qh8+ Ke7 42. Qg7+ 1-0

[Event "Hennebont Grand Prix"]
[Site "Hennebont"]
[Date "2006.08.06"]
[Round "7"]
[White "Hocher, Eugene"]
[Black "Gallois, Jerome"]
[Result "0-1"]
[WhiteElo "1810"]
[BlackElo "2040"]
[PlyCount "76"]
[EventDate "2006.08.05"]
[EventType "swiss"]
[EventRounds "7"]
[EventCountry "FRA"]
[SourceTitle "EXT 2007"]
[Source "ChessBase"]
[SourceDate "2006.11.23"]
[SourceVersion "1"]
[SourceVersionDate "2006.11.23"]
[SourceQuality "1"]

1. d4 d5 2. c4 e6 3. e3 Nf6 4. Nf3 c6 5. Nc3 Nbd7 6. Be2 dxc4 7. Bxc4 b5 8. Bd3 Bb7 9. 0-0 a6 10. a3 c5 11. Qe2 c4 12. Bc2 Be7 13. Rd1 Qc7 14. e4 0-0 15. Bg5 Rfe8 16. Bh4 Rac8 17. Bg3 Qb6 18. e5 Nd5 19. Ne4 Nf8 20. h4 a5 21. Nfg5 h6 22. Nf3 b4 23. Nd6 Bxd6 24. exd6 Nd7 25. Rac1 Ba6 26. Qe1 c3 27. b3 bxa3 28. Ne5 N5f6 29. Ra1 Bb7 30. Rxa3 Qxd6 31. Rxa5 Qb4 32. Ra4 Qe7 33. Nc4 Nd5 34. Nd6 N7b6 35. Ra7 Nb4 36. Rc1 Rb8 37. Qxc3 N6d5 38. Qc5 Red8 0-1

[Event "Hennebont Grand Prix"]
[Site "Hennebont"]
[Date "2006.08.06"]
[Round "5"]
[White "Hocher, Eugene"]
[Black "Nineuil, Vincent"]
[Result "1-0"]
[WhiteElo "1810"]
[BlackElo "1970"]
[PlyCount "67"]
[EventDate "2006.08.05"]
[EventType "swiss"]
[EventRounds "7"]
[EventCountry "FRA"]
[SourceTitle "EXT 2007"]
[Source "ChessBase"]
[SourceDate "2006.11.23"]
[SourceVersion "1"]
[SourceVersionDate "2006.11.23"]
[SourceQuality "1"]

1. d4 Nf6 2. Nf3 e6 3. c4 b6 4. Nc3 Bb4 5. Qc2 Bb7 6. Bd2 Bxc3 7. Bxc3 Ne4 8. Bb4 d6 9. e3 0-0 10. Bd3 f5 11. 0-0 Rf6 12. Qb3 Rh6 13. d5 exd5 14. cxd5 a5 15. Be1 g5 16. Nd4 a4 17. Qc2 Bc8 18. f3 Nc5 19. Bxf5 Bxf5 20. Nxf5 Rg6 21. g4 Nbd7 22. Bc3 Qe8 23. b4 Nb7 24. Bd4 Rc8 25. Rac1 Nf6 26. e4 Nd8 27. Nxd6 cxd6 28. Qxc8 Kg7 29. Bxb6 Nxg4 30. Qxg4 Nf7 31. Bd4+ Ne5 32. Rc7+ Kf8 33. Bxe5 Qxe5 34. Rfc1 1-0

[Event "Agneaux St Lo Seniors op"]
[Site "Agneaux"]
[Date "2006.07.14"]
[Round "7"]
[White "Messaoudi, Bechir"]
[Black "Hocher, Eugene"]
[Result "1-0"]
[WhiteElo "2120"]
[BlackElo "1810"]
[PlyCount "46"]
[EventDate "2006.07.08"]
[EventType "swiss"]
[EventRounds "9"]
[EventCountry "FRA"]
[SourceTitle "EXT 2007"]
[Source "ChessBase"]
[SourceDate "2006.11.23"]
[SourceVersion "1"]
[SourceVersionDate "2006.11.23"]
[SourceQuality "1"]

1. e4 e6 2. d4 d5 3. Nc3 dxe4 4. Nxe4 Nd7 5. Nf3 Ngf6 6. Bg5 Be7 7. Nxf6+ Bxf6 8. Be3 0-0 9. Qd2 c5 10. c3 Qa5 11. dxc5 Nxc5 12. Qc2 Nd7 13. Bd3 g6 14. h4 Ne5 15. Nxe5 Bxe5 16. h5 Bd7 17. hxg6 Rad8 18. g7 Bxc3+ 19. bxc3 Kxg7 20. Bd4+ e5 21. Qd2 f5 22. Qg5+ Kf7 23. Rxh7+ Ke8 1-0

[Event "Morbihan-ch 0405"]
[Site "Arradon"]
[Date "2005.03.26"]
[Round "6"]
[White "Hocher, Eugene"]
[Black "Le Talour, Benoit"]
[Result "0-1"]
[WhiteElo "1850"]
[BlackElo "1570"]
[PlyCount "25"]
[EventDate "2004.10.10"]
[EventType "swiss"]
[EventRounds "7"]
[EventCountry "FRA"]
[SourceTitle "EXT 2007"]
[Source "ChessBase"]
[SourceDate "2006.11.23"]
[SourceVersion "1"]
[SourceVersionDate "2006.11.23"]
[SourceQuality "1"]

1. d4 d5 2. Nc3 Nc6 3. e4 dxe4 4. d5 Ne5 5. Nxe4 e6 6. c4 exd5 7. cxd5 Bb4+ 8. Nc3 Qe7 9. Be2 Nf6 10. Bg5 Bf5 11. Kf1 0-0 12. Qb3 Bxc3 13. bxc3 0-1

[Event "Morbihan-ch 0405"]
[Site "Arradon"]
[Date "2005.01.29"]
[Round "4"]
[White "Hocher, Eugene"]
[Black "Blanchard, Esteban"]
[Result "1-0"]
[WhiteElo "1850"]
[BlackElo "1540"]
[PlyCount "109"]
[EventDate "2004.10.10"]
[EventType "swiss"]
[EventRounds "7"]
[EventCountry "FRA"]
[SourceTitle "EXT 2007"]
[Source "ChessBase"]
[SourceDate "2006.11.23"]
[SourceVersion "1"]
[SourceVersionDate "2006.11.23"]
[SourceQuality "1"]

1. d4 d5 2. Nc3 e6 3. Nf3 Nf6 4. Bg5 Be7 5. e3 0-0 6. Be2 b6 7. Ne5 Bb7 8. 0-0 c5 9. Bf3 Nbd7 10. Nd3 h6 11. Bh4 cxd4 12. exd4 Rc8 13. Ne2 Qc7 14. c3 Bd6 15. Bg3 Bxg3 16. Nxg3 Ba6 17. Be2 Bc4 18. Re1 Ba6 19. Bf1 Bb7 20. Re3 Ne4 21. Ne2 Ndf6 22. Ne5 Nd7 23. f4 f6 24. Ng6 Rf7 25. g3 Kh7 26. Nh4 g5 27. Ng2 gxf4 28. Nexf4 e5 29. Qh5 Nf8 30. Qf5+ Kg8 31. Ne2 exd4 32. Nxd4 Rd8 33. Nf4 Bc8 34. Qh5 Rh7 35. Nxd5 Qe5 36. Qxe5 fxe5 37. Rxe4 exd4 38. Nf6+ Kg7 39. Nxh7 Kxh7 40. Re7+ Kg6 41. Rd1 Bf5 42. Rxd4 Rc8 43. Rxa7 Re8 44. Kf2 Ne6 45. Rd6 Rf8 46. Kg1 Bg4 47. Bd3+ Kg5 48. h4+ Kf6 49. Rxb6 Rd8 50. Bc4 Rd1+ 51. Kf2 Rd2+ 52. Ke3 Rg2 53. Bxe6 Bxe6 54. Raa6 Rxg3+ 55. Kf2 1-0

[Event "FRA-chT3 0405"]
[Site "France"]
[Date "2004.10.10"]
[Round "1.3"]
[White "Hocher, Eugene"]
[Black "Prioul, Jean"]
[Result "1/2-1/2"]
[WhiteElo "1850"]
[BlackElo "1940"]
[PlyCount "30"]
[EventDate "2004.10.10"]
[EventType "team-tourn"]
[EventRounds "9"]
[EventCountry "FRA"]
[SourceTitle "EXT 2007"]
[Source "ChessBase"]
[SourceDate "2006.11.23"]
[SourceVersion "1"]
[SourceVersionDate "2006.11.23"]
[SourceQuality "1"]

1. d4 Nf6 2. Nf3 g6 3. c3 Bg7 4. Nbd2 d5 5. e3 Bf5 6. Be2 0-0 7. 0-0 Nc6 8. Re1 Qd6 9. Nh4 Bd7 10. f4 Ne8 11. Nhf3 Bf5 12. Nh4 Be4 13. Nhf3 Bf5 14. Nh4 Be4 15. Nhf3 Bf5 1/2-1/2

[Event "Morbihan-ch 0304"]
[Site "Morbihan"]
[Date "2004.03.06"]
[Round "5"]
[White "Hocher, Eugene"]
[Black "Girod, Bernard"]
[Result "1-0"]
[WhiteElo "1880"]
[BlackElo "1560"]
[PlyCount "81"]
[EventDate "2003.10.??"]
[EventType "swiss"]
[EventRounds "7"]
[EventCountry "FRA"]
[SourceTitle "EXT 2005"]
[Source "ChessBase"]
[SourceDate "2004.11.15"]
[SourceVersion "1"]
[SourceVersionDate "2004.11.15"]
[SourceQuality "1"]

1. d4 d5 2. Nc3 Nf6 3. e4 Nxe4 4. Nxe4 dxe4 5. Bc4 e6 6. c3 Be7 7. Qg4 0-0 8. Qxe4 Bf6 9. Nf3 g6 10. Bh6 Bg7 11. Bg5 Qd6 12. Qh4 Nd7 13. Be7 Qc6 14. Bxf8 Nxf8 15. Bb3 b6 16. Rd1 Bb7 17. 0-0 Qe8 18. Qg3 Rc8 19. Rfe1 Qb5 20. Ne5 Nd7 21. c4 Bxe5 22. Rxe5 Qc6 23. Re3 Nf6 24. f3 a5 25. a3 Rd8 26. Qg5 Kg7 27. h4 h6 28. Qg3 Ba6 29. Rc3 a4 30. Ba2 Qd7 31. Rcd3 c6 32. Qe1 Qc7 33. Qe5 Qe7 34. R3d2 Kh7 35. g4 h5 36. gxh5 Nxh5 37. Bb1 Kg8 38. Rg2 Qxh4 39. Rg5 Qh3 40. Bxg6 Ng7 41. Bxf7+ 1-0